Loading...
| Painting/Sculpture | 0 | 8 | 0 | 2 | 80 | 50 | 90.13 | 1 | 4 |
| History - World History | 0 | 6 | 0 | 0 | 60 | 48 | 65.50 | 0 | 2 |
| Literature - World Literature | 0 | 5 | 0 | 1 | 50 | 74 | 103.00 | 0 | 1 |
| History - European History | 0 | 5 | 0 | 0 | 50 | 24 | 67.20 | 0 | 0 |
| Science - Biology | 0 | 3 | 0 | 2 | 30 | 69 | 88.00 | 0 | 1 |
| History - Other History | 0 | 3 | 0 | 0 | 30 | 81 | 89.33 | 0 | 0 |
| Literature - American Literature | 0 | 3 | 0 | 0 | 30 | 83 | 91.33 | 0 | 0 |
| Literature - British Literature | 0 | 4 | 2 | 1 | 30 | 86 | 99.00 | 0 | 0 |
| Literature - European Literature | 0 | 3 | 1 | 0 | 25 | 82 | 109.67 | 0 | 0 |
| Fine Arts - Other Fine Arts | 0 | 3 | 1 | 2 | 25 | 72 | 97.00 | 1 | 1 |
| Mythology | 0 | 3 | 1 | 2 | 25 | 61 | 93.00 | 0 | 1 |
| Current Events | 0 | 2 | 0 | 0 | 20 | 40 | 56.00 | 1 | 1 |
| History - American History | 0 | 2 | 2 | 0 | 10 | 68 | 76.50 | 0 | 0 |
| Geography | 0 | 1 | 0 | 0 | 10 | 84 | 84.00 | 0 | 1 |
| Pop Culture | 0 | 1 | 0 | 0 | 10 | 63 | 63.00 | 0 | 1 |
| Religion | 0 | 1 | 0 | 0 | 10 | 73 | 73.00 | 0 | 0 |
| Fine Arts - Classical Music | 0 | 1 | 0 | 1 | 10 | 108 | 108.00 | 0 | 0 |
| Science - Other Science | 0 | 1 | 0 | 0 | 10 | 49 | 49.00 | 0 | 0 |